[Event "Winnipeg op"]
[Site "Winnipeg"]
[Date "2017.07.11"]
[Round "6"]
[White "Khedkar, Jay S"]
[Black "Reimer, Bruce"]
[Result "1-0"]
[WhiteElo "2027"]
[BlackElo "1692"]
[PlyCount "102"]
[EventDate "2017.06.06"]
[EventType "swiss"]
[EventRounds "8"]
[EventCountry "CAN"]
[SourceTitle "EXT 2022"]
[Source "ChessBase"]
[SourceDate "2021.10.06"]
[SourceVersion "1"]
[SourceVersionDate "2021.10.06"]
[SourceQuality "1"]

1. d4 d6 2. e4 g6 3. Nc3 Bg7 4. Bc4 e6 5. Nf3 Ne7 6. 0-0 0-0 7. Bg5 h6 8. Be3 a6 9. a4 Nd7 10. Qd2 Kh7 11. Rad1 b6 12. Ne1 Bb7 13. f3 e5 14. d5 f5 15. Nd3 f4 16. Bf2 g5 17. Rfe1 Ng6 18. Kf1 Nf6 19. Ke2 g4 20. Rh1 Bc8 21. Rdg1 Nh5 22. Kd1 Bf6 23. Ne1 Bg5 24. Qe2 g3 25. hxg3 Nxg3 26. Bxg3 fxg3 27. Nd3 b5 28. Bb3 bxa4 29. Bxa4 a5 30. Qe1 Bh4 31. Ne2 Qg5 32. Qd2 Qf6 33. Qc3 Qe7 34. Qc6 Ba6 35. Qd7 Qxd7 36. Bxd7 Bxd3 37. cxd3 a4 38. Bf5 Bg5 39. Kc2 Be3 40. Ra1 Bf2 41. Ra3 Bc5 42. Ra2 Bf2 43. Rha1 Rfb8 44. Rxa4 Rxa4 45. Rxa4 h5 46. Rc4 Bd4 47. Nxd4 exd4 48. Rxc7+ Kh6 49. Bxg6 Kxg6 50. Rc6 Kg5 51. Rc7 Kf4 1-0

[Event "Winnipeg TNT March op"]
[Site "Winnipeg"]
[Date "2017.03.07"]
[Round "1"]
[White "Reimer, Bruce"]
[Black "Valentino, Marcos"]
[Result "0-1"]
[WhiteElo "1665"]
[BlackElo "2162"]
[PlyCount "64"]
[EventDate "2017.03.07"]
[EventType "swiss"]
[EventRounds "4"]
[EventCountry "CAN"]
[SourceTitle "EXT 2022"]
[Source "ChessBase"]
[SourceDate "2021.10.06"]
[SourceVersion "1"]
[SourceVersionDate "2021.10.06"]
[SourceQuality "1"]

1. c4 Nf6 2. Nc3 d6 3. g3 g6 4. Bg2 Bg7 5. e4 0-0 6. Nge2 c5 7. 0-0 Nc6 8. d3 Bd7 9. Be3 Qc8 10. f3 Bh3 11. a3 Rb8 12. Qd2 Re8 13. Nf4 Bd7 14. Rf2 a6 15. Rb1 b5 16. b4 cxb4 17. axb4 bxc4 18. dxc4 Nxb4 19. Nce2 Qxc4 20. Bf1 a5 21. Nc3 Qc7 22. Qc1 Ng4 23. fxg4 Qxc3 24. Bd2 Qxc1 25. Rxc1 Bd4 26. Kg2 Bxf2 27. Kxf2 Bxg4 28. h3 Bd7 29. g4 Rec8 30. Ra1 Rc2 31. Ke1 Rc5 32. Be3 Nc2+ 0-1

[Event "Winnipeg TNT March op"]
[Site "Winnipeg"]
[Date "2014.03.18"]
[Round "3.4"]
[White "Trueman, Francis"]
[Black "Reimer, Bruce"]
[Result "0-1"]
[WhiteElo "1508"]
[BlackElo "1615"]
[PlyCount "56"]
[EventDate "2014.03.04"]
[EventType "swiss"]
[EventRounds "4"]
[EventCountry "CAN"]
[SourceTitle "EXT 2022"]
[Source "ChessBase"]
[SourceDate "2021.10.06"]
[SourceVersion "1"]
[SourceVersionDate "2021.10.06"]
[SourceQuality "1"]

1. Nf3 g6 2. d3 Bg7 3. Nbd2 d6 4. g3 b5 5. Bg2 Bb7 6. 0-0 Nd7 7. Re1 e5 8. e4 Ne7 9. Nf1 0-0 10. c3 h6 11. h4 f5 12. Qb3+ Kh7 13. exf5 Nxf5 14. Ng5+ hxg5 15. Bxb7 Rb8 16. Bxg5 Bf6 17. Bxf6 Qxf6 18. Bg2 Nxh4 19. Re2 Nxg2 20. f4 Nxf4 21. gxf4 Qxf4 22. Qe6 Nc5 23. Qh3+ Kg7 24. Rd1 Rh8 25. Qg2 Ne6 26. Re4 Qf6 27. Ne3 Nf4 28. Qg3 Ne2+ 0-1

[Event "Winnipeg TNT February op"]
[Site "Winnipeg"]
[Date "2014.02.18"]
[Round "3.4"]
[White "Czarny, Keith"]
[Black "Reimer, Bruce"]
[Result "1-0"]
[WhiteElo "1770"]
[BlackElo "1619"]
[PlyCount "110"]
[EventDate "2014.02.04"]
[EventType "swiss"]
[EventRounds "4"]
[EventCountry "CAN"]
[SourceTitle "EXT 2022"]
[Source "ChessBase"]
[SourceDate "2021.10.06"]
[SourceVersion "1"]
[SourceVersionDate "2021.10.06"]
[SourceQuality "1"]

1. Nc3 g6 2. e4 Bg7 3. Nf3 d6 4. Bc4 e6 5. 0-0 a6 6. d4 b5 7. Bb3 Bb7 8. Re1 Nd7 9. Bg5 Ne7 10. Qd2 0-0 11. Bh6 c5 12. Bxg7 Kxg7 13. dxc5 Nxc5 14. Rad1 Nxb3 15. axb3 d5 16. exd5 Nxd5 17. Ne4 Rc8 18. Qd4+ Kg8 19. c4 bxc4 20. bxc4 Nb4 21. Nf6+ Kh8 22. Nd7+ Kg8 23. Nxf8 Qxf8 24. Ne5 Nc2 25. Qc3 Nxe1 26. Qxe1 Qc5 27. Qc3 Qc7 28. Rd7 Rd8 29. Qd4 Rxd7 30. Nxd7 Qa5 31. h3 Qe1+ 32. Kh2 Qa5 33. c5 Qc7+ 34. Ne5 f6 35. Qd6 Qxd6 36. cxd6 Kf8 37. Nd7+ Kf7 38. Nc5 Bc6 39. Nxa6 Ke8 40. Nc5 Bd5 41. b4 Bc6 42. f4 e5 43. fxe5 fxe5 44. Kg1 e4 45. Kf2 Kf7 46. g3 Kf6 47. Ke3 h5 48. h4 g5 49. hxg5+ Kxg5 50. Nxe4+ Kg4 51. Nf6+ Kg5 52. d7 Bxd7 53. Nxd7 Kf5 54. Nc5 Ke5 55. Nd3+ Kd5 1-0

[Event "Winnipeg TNT January op"]
[Site "Winnipeg"]
[Date "2014.01.21"]
[Round "3.4"]
[White "Trueman, Francis"]
[Black "Reimer, Bruce"]
[Result "0-1"]
[WhiteElo "1500"]
[BlackElo "1602"]
[PlyCount "95"]
[EventDate "2014.01.07"]
[EventType "swiss"]
[EventRounds "4"]
[EventCountry "CAN"]
[SourceTitle "EXT 2022"]
[Source "ChessBase"]
[SourceDate "2021.10.06"]
[SourceVersion "1"]
[SourceVersionDate "2021.10.06"]
[SourceQuality "1"]

1. Nf3 g6 2. d3 Bg7 3. Nbd2 d6 4. g3 a6 5. Bg2 c6 6. 0-0 b5 7. c3 Bb7 8. Re1 Nd7 9. e4 Qb6 10. Qe2 e5 11. b3 Ne7 12. Nf1 h6 13. a4 0-0 14. a5 Qc7 15. h4 f5 16. N1h2 Kh7 17. Kh1 f4 18. g4 Bc8 19. Bb2 Nc5 20. Qd1 Be6 21. Nd2 Nxd3 22. Re2 Qd7 23. Ndf3 Nc5 24. Ra3 Rad8 25. Rd2 Nxe4 26. Nxe5 Bxe5 27. Bxe4 d5 28. Bf3 Ng8 29. Qg1 Qe7 30. Re2 Qd6 31. Ra1 Rde8 32. Rae1 Bd7 33. g5 h5 34. Qg2 Re6 35. Qh3 Ree8 36. Qg2 b4 37. Rc1 Bxc3 38. Bxc3 bxc3 39. Rxc3 Qb4 40. Rec2 Re1+ 41. Nf1 Rfe8 42. Kh2 Qb5 43. Nd2 Qxa5 44. Rc5 Qb6 45. R2c3 Ne7 46. Rc2 Nf5 47. Bxh5 Nxh4 48. R2c3 0-1

[Event "Winnipeg TNT January op"]
[Site "Winnipeg"]
[Date "2014.01.14"]
[Round "2.4"]
[White "Reimer, Bruce"]
[Black "Baron, Gustav L"]
[Result "0-1"]
[WhiteElo "1602"]
[BlackElo "1911"]
[PlyCount "104"]
[EventDate "2014.01.07"]
[EventType "swiss"]
[EventRounds "4"]
[EventCountry "CAN"]
[SourceTitle "EXT 2022"]
[Source "ChessBase"]
[SourceDate "2021.10.06"]
[SourceVersion "1"]
[SourceVersionDate "2021.10.06"]
[SourceQuality "1"]

1. c4 g6 2. g3 Bg7 3. Nc3 Nf6 4. Bg2 0-0 5. d4 c6 6. e4 d6 7. Nge2 Nbd7 8. 0-0 e5 9. d5 Qc7 10. h3 a5 11. Be3 Nh5 12. Qd2 f5 13. exf5 gxf5 14. Bh6 Rf7 15. Bxg7 Rxg7 16. Nd1 Nhf6 17. Ne3 Nc5 18. Qc2 Nce4 19. dxc6 bxc6 20. Nc3 Nxc3 21. Qxc3 Be6 22. Rad1 Rf8 23. Qd3 Ne8 24. Rfe1 f4 25. Nf1 Qb6 26. b3 fxg3 27. Nxg3 Qxf2+ 28. Kh2 Qc5 29. Rf1 Rxf1 30. Rxf1 d5 31. Qd2 Rg6 32. Bf3 Nf6 33. Nh5 Qd6 34. Nxf6+ Rxf6 35. Rg1+ Kf8 36. Bg2 e4+ 37. Kh1 Qc7 38. Qg5 Qf4 39. Qh5 Bf7 40. Qd1 Rh6 41. Rf1 Qd6 42. cxd5 cxd5 43. Qd2 Rf6 44. Rxf6 Qxf6 45. Qxa5 Qa1+ 46. Kh2 Qe5+ 47. Kg1 e3 48. Qd8+ Kg7 49. Qh4 d4 50. Qg4+ Kh8 51. Qc8+ Bg8 52. Qg4 e2 0-1

[Event "Winnipeg TNT March op"]
[Site "Winnipeg"]
[Date "2013.12.03"]
[Round "2"]
[White "Reimer, Bruce"]
[Black "Trueman, Francis"]
[Result "1-0"]
[WhiteElo "1641"]
[BlackElo "1457"]
[PlyCount "85"]
[EventDate "2013.03.05"]
[EventType "swiss"]
[EventRounds "4"]
[EventCountry "CAN"]
[SourceTitle "EXT 2022"]
[Source "ChessBase"]
[SourceDate "2021.10.06"]
[SourceVersion "1"]
[SourceVersionDate "2021.10.06"]
[SourceQuality "1"]

1. c4 Nf6 2. g3 d6 3. Bg2 g6 4. Nc3 Bg7 5. e4 e5 6. Nge2 Nbd7 7. d4 0-0 8. Bg5 Re8 9. Qd2 c6 10. 0-0 Qe7 11. d5 c5 12. Nb5 Nb6 13. b3 a6 14. Nbc3 Nbd7 15. h4 h5 16. Bh3 Nf8 17. Bxc8 Raxc8 18. f3 N8h7 19. Bh6 Nd7 20. Bxg7 Kxg7 21. Nd1 Kh8 22. Nf2 Rg8 23. Nh3 g5 24. hxg5 Nxg5 25. Nxg5 Rxg5 26. Kf2 Nf6 27. Rh1 Rcg8 28. Rag1 R8g7 29. g4 Rh7 30. Ke1 Rgg7 31. Ng3 Qf8 32. Nf5 Rg8 33. g5 Ne8 34. Rh4 Rg6 35. Qh2 Ng7 36. Nxg7 Qxg7 37. Rxh5 f6 38. Rh1 Rxh5 39. Qxh5+ Kg8 40. Qg4 Rxg5 41. Qe6+ Kf8 42. Qxd6+ Ke8 43. Qb8+ 1-0

[Event "Winnipeg Mundwiler Memorial U1800"]
[Site "Winnipeg"]
[Date "2013.11.05"]
[Round "1.6"]
[White "Reimer, Bruce"]
[Black "Einarsson, Ken"]
[Result "1-0"]
[WhiteElo "1570"]
[BlackElo "1785"]
[PlyCount "109"]
[EventDate "2013.11.05"]
[EventType "swiss"]
[EventRounds "6"]
[EventCountry "CAN"]
[SourceTitle "EXT 2022"]
[Source "ChessBase"]
[SourceDate "2021.10.06"]
[SourceVersion "1"]
[SourceVersionDate "2021.10.06"]
[SourceQuality "1"]

1. c4 Nf6 2. g3 d5 3. Bg2 dxc4 4. Qa4+ Bd7 5. Qxc4 Nc6 6. d4 e6 7. e4 h6 8. Ne2 Be7 9. 0-0 0-0 10. Nbc3 a6 11. Bf4 Rc8 12. a4 g5 13. Bd2 e5 14. dxe5 Nxe5 15. Qd4 Nc6 16. Qd3 Nb4 17. Qb1 Bc6 18. Rd1 Qe8 19. Nd4 Bc5 20. Nxc6 Nxc6 21. Qc1 Ng4 22. Rf1 Nce5 23. Bxg5 Nd3 24. Qd2 Ndxf2 25. Rxf2 Nxf2 26. Kf1 Ng4 27. Bxh6 Nxh6 28. Qxh6 Qe6 29. Qg5+ Kh8 30. Qxc5 f5 31. Kg1 b6 32. Qd4+ Kh7 33. Bh3 c5 34. Qd5 Qxd5 35. Nxd5 Rc6 36. Bxf5+ Kg7 37. Rf1 Rd6 38. Nc7 Rh8 39. Ne6+ Kf6 40. Nf4 Rd4 41. Nd5+ Ke5 42. Nxb6 Rb4 43. Nd7+ Kd6 44. Rd1+ Kc6 45. Ne5+ Kc7 46. Rd7+ Kb6 47. Rd6+ Kc7 48. Rc6+ Kb7 49. a5 Rxb2 50. h3 Rd8 51. Rb6+ Rxb6 52. axb6 Kxb6 53. Nc4+ Kb5 54. Be6 Rd4 55. Bd5 1-0

[Event "Winnipeg TNT October op"]
[Site "Winnipeg"]
[Date "2013.10.01"]
[Round "1.5"]
[White "Reimer, Bruce"]
[Black "Boron, Anthony"]
[Result "0-1"]
[WhiteElo "1546"]
[BlackElo "1950"]
[PlyCount "54"]
[EventDate "2013.10.01"]
[EventType "swiss"]
[EventRounds "5"]
[EventCountry "CAN"]
[SourceTitle "EXT 2022"]
[Source "ChessBase"]
[SourceDate "2021.10.06"]
[SourceVersion "1"]
[SourceVersionDate "2021.10.06"]
[SourceQuality "1"]

1. c4 c5 2. g3 g6 3. Bg2 Bg7 4. Nc3 Nc6 5. e4 d6 6. Nge2 e6 7. 0-0 Nge7 8. d3 a6 9. Be3 Nd4 10. Bxd4 cxd4 11. Nb1 0-0 12. Nd2 a5 13. a3 Nc6 14. f4 e5 15. f5 Qg5 16. Rf3 gxf5 17. exf5 Bxf5 18. h3 Bg6 19. h4 Qe7 20. Rf2 Bxd3 21. Ne4 Bxc4 22. Qc2 d5 23. Nc1 d3 24. Qc3 b5 25. Ng5 h6 26. Nh3 e4 27. Qe1 e3 0-1